Problemas y métodos de investigación en la historia de la filosofia

Guardat en:
Dades bibliogràfiques
Autor principal: Mondolfo, Rodolfo (autor)
Format: Llibre
Idioma:espanyol
Publicat: Buenos Aires EUDEBA 1969
Edició:4a. ed
Col·lecció:Temas de EUDEBA - Filosofía
Matèries:
Etiquetes: Afegir etiqueta
Sense etiquetes, Sigues el primer a etiquetar aquest registre!

MARC

LEADER 00000nam a2200000 a 4500
001 UCZ7641
003 CL-VaPUC
008 960105e19690000AG |||||||||||||||||spa|d
082 0 4 |a 101  |b MON  |2 21 
100 |a Mondolfo, Rodolfo  |e autor  |9 339183 
245 1 0 |a Problemas y métodos de investigación en la historia de la filosofia 
250 |a 4a. ed 
300 |a 262 p 
942 |c BK 
945 |d 19960105 00:00:00  |a lriquelm 
260 |a Buenos Aires  |b EUDEBA  |c 1969 
650 0 |a Filosofía   |9 223554 
650 0 |a Historia de la filosofía  |9 256920 
650 0 |a Métodos de investigación   |9 262618 
650 0 |a Metodología   |9 256610 
583 |a last modification  |c 19960105 00:00:00  |k Rodrigo Vera 
490 0 |a Temas de EUDEBA - Filosofía 
999 |c 243692  |d 243690 
952 |0 0  |1 0  |4 0  |6 101_000000000000000_MON_1969  |7 0  |8 A  |9 257462  |a BIBEDU  |b BIBEDU  |d 2019-11-19  |i 1613073  |o 101 MON 1969  |p 1613073  |r 2019-11-19  |w 2019-11-19  |y BK  |k EDU 
952 |0 0  |1 0  |4 0  |6 101_000000000000000_MON_1969  |7 0  |8 A  |9 257463  |a FDOPOS  |b FDOPOS  |d 2019-11-19  |i 4270142  |o 101 MON 1969  |p 4270142  |r 2025-01-22  |w 2019-11-19  |y BK  |k MLA